<?xml version="1.0" encoding="UTF-8"?>
<record
    xmlns:xsi="http://www.w3.org/2001/XMLSchema-instance"
    xsi:schemaLocation="http://www.loc.gov/MARC21/slim http://www.loc.gov/standards/marcxml/schema/MARC21slim.xsd"
    xmlns="http://www.loc.gov/MARC21/slim">

  <leader>00596nam a22002057a 4500</leader>
  <controlfield tag="003">OSt</controlfield>
  <controlfield tag="005">20240127152133.0</controlfield>
  <controlfield tag="008">190322b        xxu||||| |||| 00| 0 eng d</controlfield>
  <datafield tag="020" ind1=" " ind2=" ">
    <subfield code="a">9788125600060</subfield>
  </datafield>
  <datafield tag="040" ind1=" " ind2=" ">
    <subfield code="c">IIMT UNIVERSITY, MEERUT</subfield>
    <subfield code="d">SEROSOFT</subfield>
  </datafield>
  <datafield tag="100" ind1=" " ind2=" ">
    <subfield code="a">SURESH B.</subfield>
  </datafield>
  <datafield tag="245" ind1=" " ind2=" ">
    <subfield code="a">A TEXTBOOK OF FORENSIC PHARMACY</subfield>
    <subfield code="c">AUTHOR</subfield>
    <subfield code="h">ENGLISH</subfield>
  </datafield>
  <datafield tag="250" ind1=" " ind2=" ">
    <subfield code="a">19</subfield>
  </datafield>
  <datafield tag="260" ind1=" " ind2=" ">
    <subfield code="a">DELHI</subfield>
    <subfield code="b">BIRLA</subfield>
    <subfield code="c">2019</subfield>
  </datafield>
  <datafield tag="300" ind1=" " ind2=" ">
    <subfield code="a">PAPERBACK</subfield>
    <subfield code="b">152 PP.</subfield>
  </datafield>
  <datafield tag="760" ind1=" " ind2=" ">
    <subfield code="b">19TH ED.</subfield>
  </datafield>
  <datafield tag="856" ind1=" " ind2=" ">
    <subfield code="3">PAPERBACK</subfield>
    <subfield code="u">615.252 PAU</subfield>
    <subfield code="z">615.252 PAU</subfield>
  </datafield>
  <datafield tag="887" ind1=" " ind2=" ">
    <subfield code="2">TITLE</subfield>
  </datafield>
  <datafield tag="942" ind1=" " ind2=" ">
    <subfield code="2">ddc</subfield>
    <subfield code="c">01</subfield>
    <subfield code="e">19TH ED</subfield>
    <subfield code="h">TITLE</subfield>
    <subfield code="i">BOOK</subfield>
    <subfield code="k">615.252 PAU</subfield>
    <subfield code="m">615.252 PAU</subfield>
  </datafield>
  <datafield tag="999" ind1=" " ind2=" ">
    <subfield code="c">44840</subfield>
    <subfield code="d">44840</subfield>
  </datafield>
  <datafield tag="952" ind1=" " ind2=" ">
    <subfield code="0">0</subfield>
    <subfield code="1">0</subfield>
    <subfield code="2">ddc</subfield>
    <subfield code="4">0</subfield>
    <subfield code="7">0</subfield>
    <subfield code="a">27</subfield>
    <subfield code="b">27</subfield>
    <subfield code="d">2019-03-22</subfield>
    <subfield code="e">KIRTI PUBLICATION DELHI</subfield>
    <subfield code="f">615.252 PA</subfield>
    <subfield code="g">150.00</subfield>
    <subfield code="i">IN 2849 DATED 22/02/2019</subfield>
    <subfield code="l">0</subfield>
    <subfield code="o">615.252 PAU</subfield>
    <subfield code="p">27-B-426</subfield>
    <subfield code="r">2019-03-22</subfield>
    <subfield code="t">R</subfield>
    <subfield code="u">615.252 PAU</subfield>
    <subfield code="v">150.00</subfield>
    <subfield code="w">2019-03-09</subfield>
    <subfield code="y">01</subfield>
    <subfield code="z">Reference Book (Rack-1)</subfield>
  </datafield>
  <datafield tag="952" ind1=" " ind2=" ">
    <subfield code="0">0</subfield>
    <subfield code="1">0</subfield>
    <subfield code="2">ddc</subfield>
    <subfield code="4">0</subfield>
    <subfield code="7">0</subfield>
    <subfield code="a">27</subfield>
    <subfield code="b">27</subfield>
    <subfield code="d">2019-03-22</subfield>
    <subfield code="e">KIRTI PUBLICATION DELHI</subfield>
    <subfield code="f">615.252 PA</subfield>
    <subfield code="g">150.00</subfield>
    <subfield code="i">IN 2849 DATED 22/02/2019</subfield>
    <subfield code="l">0</subfield>
    <subfield code="o">615.252 PAU</subfield>
    <subfield code="p">27-B-427</subfield>
    <subfield code="r">2019-03-22</subfield>
    <subfield code="t">R</subfield>
    <subfield code="u">615.252 PAU</subfield>
    <subfield code="v">150.00</subfield>
    <subfield code="w">2019-03-09</subfield>
    <subfield code="y">01</subfield>
    <subfield code="z">A TEXTBOOK OF FORENSIC PHARMACY</subfield>
  </datafield>
  <datafield tag="952" ind1=" " ind2=" ">
    <subfield code="0">0</subfield>
    <subfield code="1">0</subfield>
    <subfield code="2">ddc</subfield>
    <subfield code="4">0</subfield>
    <subfield code="7">0</subfield>
    <subfield code="a">27</subfield>
    <subfield code="b">27</subfield>
    <subfield code="d">2019-03-22</subfield>
    <subfield code="e">KIRTI PUBLICATION DELHI</subfield>
    <subfield code="f">615.252 PA</subfield>
    <subfield code="g">150.00</subfield>
    <subfield code="i">IN 2849 DATED 22/02/2019</subfield>
    <subfield code="l">0</subfield>
    <subfield code="o">615.252 PAU</subfield>
    <subfield code="p">27-B-428</subfield>
    <subfield code="r">2019-03-22</subfield>
    <subfield code="t">R</subfield>
    <subfield code="u">615.252 PAU</subfield>
    <subfield code="v">150.00</subfield>
    <subfield code="w">2019-03-09</subfield>
    <subfield code="y">01</subfield>
    <subfield code="z">A TEXTBOOK OF FORENSIC PHARMACY</subfield>
  </datafield>
  <datafield tag="952" ind1=" " ind2=" ">
    <subfield code="0">0</subfield>
    <subfield code="1">0</subfield>
    <subfield code="2">ddc</subfield>
    <subfield code="4">0</subfield>
    <subfield code="7">0</subfield>
    <subfield code="a">27</subfield>
    <subfield code="b">27</subfield>
    <subfield code="d">2019-03-22</subfield>
    <subfield code="e">KIRTI PUBLICATION DELHI</subfield>
    <subfield code="f">615.252 PA</subfield>
    <subfield code="g">150.00</subfield>
    <subfield code="i">IN 2849 DATED 22/02/2019</subfield>
    <subfield code="l">0</subfield>
    <subfield code="o">615.252 PAU</subfield>
    <subfield code="p">27-B-429</subfield>
    <subfield code="r">2019-03-22</subfield>
    <subfield code="t">R</subfield>
    <subfield code="u">615.252 PAU</subfield>
    <subfield code="v">150.00</subfield>
    <subfield code="w">2019-03-09</subfield>
    <subfield code="y">01</subfield>
    <subfield code="z">A TEXTBOOK OF FORENSIC PHARMACY</subfield>
  </datafield>
  <datafield tag="952" ind1=" " ind2=" ">
    <subfield code="0">0</subfield>
    <subfield code="1">0</subfield>
    <subfield code="2">ddc</subfield>
    <subfield code="4">0</subfield>
    <subfield code="7">0</subfield>
    <subfield code="a">27</subfield>
    <subfield code="b">27</subfield>
    <subfield code="d">2019-03-22</subfield>
    <subfield code="e">KIRTI PUBLICATION DELHI</subfield>
    <subfield code="f">615.252 PA</subfield>
    <subfield code="g">150.00</subfield>
    <subfield code="i">IN 2849 DATED 22/02/2019</subfield>
    <subfield code="l">0</subfield>
    <subfield code="o">615.252 PAU</subfield>
    <subfield code="p">27-B-430</subfield>
    <subfield code="r">2019-03-22</subfield>
    <subfield code="t">R</subfield>
    <subfield code="u">615.252 PAU</subfield>
    <subfield code="v">150.00</subfield>
    <subfield code="w">2019-03-09</subfield>
    <subfield code="y">01</subfield>
    <subfield code="z">A TEXTBOOK OF FORENSIC PHARMACY</subfield>
  </datafield>
</record>
